Cómo usar lotus 1,2,3 : la herramienta para gerenciar la productividad.
| Main Authors: | , |
|---|---|
| Format: | Section = Libro |
| Language: | Undetermined Spanish |
| Published: |
México
Macrobit/Alfaomega
1989
|
| Subjects: |
| LEADER | 00568nam a2200193Ia 4500 | ||
|---|---|---|---|
| 008 | 240829s9999 xx 000 0 und d | ||
| 020 | |a 968-6223-10-X | ||
| 040 | |a BIBLIOTECA-RUSB/ 001.642 L445 | ||
| 041 | |a spa | ||
| 082 | |a 001.642 L445 | ||
| 100 | 1 | |a Leblond, Geoffrex | |
| 100 | 1 | |b Ford Cobb, Douglas | |
| 245 | 1 | 0 | |a Cómo usar lotus 1,2,3 : la herramienta para gerenciar la productividad. |
| 260 | |a México |b Macrobit/Alfaomega |c 1989 | ||
| 300 | |a p. irreg. :il. | ||
| 650 | 7 | |a PROGRAMAS Y PROGRAMACION DE COMPUTADORA | |
| 942 | |c BK |2 ddc | ||
| 991 | |a TEXTO | ||
| 999 | |c 168 | ||